Don't look now. (Record no. 5643)

MARC details
000 -LEADER
fixed length control field 00640nam a22002531 4500
001 - CONTROL NUMBER
control field 19758
003 - CONTROL NUMBER IDENTIFIER
control field GBCCL
005 - DATE AND TIME OF LATEST TRANSACTION
control field 20241126110546.0
008 - FIXED-LENGTH DATA ELEMENTS--GENERAL INFORMATION
fixed length control field 681218s1968 caua 000 0 eng
010 ## -
-- 68025807
035 ## - SYSTEM CONTROL NUMBER
System control number (OCoLC)00443994
040 ## - CATALOGING SOURCE
Original cataloging agency DLC
Transcribing agency DLC
049 ## -
-- LBBK
050 0# -
-- BV4501.2
-- .B384
082 ## - DEWEY DECIMAL CLASSIFICATION NUMBER
Classification number 248
Item number BAR
092 ## - LOCALLY ASSIGNED DEWEY CALL NUMBER (OCLC)
Classification number 137.4
Item number B274
100 1# - MAIN ENTRY--PERSONAL NAME
Personal name Barrett, Ethel.
9 (RLIN) 5685
245 10 - TITLE STATEMENT
Title Don't look now.
260 ## - PUBLICATION, DISTRIBUTION, ETC.
Place of publication, distribution, etc. Glendale, Calif.,
Name of publisher, distributor, etc. G/L Regal Books
Date of publication, distribution, etc. [1968]
300 ## - PHYSICAL DESCRIPTION
Extent 207 p.
Other physical details illus.
Dimensions 18 cm.
650 #0 - SUBJECT ADDED ENTRY--TOPICAL TERM
Topical term or geographic name entry element Christian life.
9 (RLIN) 183
650 #0 - SUBJECT ADDED ENTRY--TOPICAL TERM
Topical term or geographic name entry element Interpersonal relations.
9 (RLIN) 937
942 ## - ADDED ENTRY ELEMENTS (KOHA)
Source of classification or shelving scheme Dewey Decimal Classification
Koha item type Books
Koha issues (borrowed), all copies 1
Holdings
Withdrawn status Lost status Source of classification or shelving scheme Damaged status Not for loan Home library Current Library Shelving location Date acquired Total checkouts Full call number Barcode Date last seen Date last checked out Copy number Price effective from Koha item type
    Dewey Decimal Classification     GRACE BIBLE COLLEGE GRACE BIBLE COLLEGE Ministry & Mission 2018-04-03 1 248 BAR 005066 2022-09-27 2022-09-20 c.1 2018-04-03 Books
© Grace Bible College Library 2025